Свойства светочувствительных материалов и их применение в голографии: сборник научных трудов

Detaylı Bibliyografya
Müşterek Yazar: Академия наук СССР (АН СССР) Отделение общей физики и астрономии
Diğer Yazarlar: Барачевский В. А. (редактор)
Dil:Rusça
Baskı/Yayın Bilgisi: Ленинград, Наука, 1987
Konular:
Materyal Türü: MixedMaterials Kitap
KOHA link:https://koha.lib.tpu.ru/cgi-bin/koha/opac-detail.pl?biblionumber=258551

MARC

LEADER 00000nam0a2200000 4500
001 258551
005 20231101233316.0
035 |a (RuTPU)RU\TPU\book\281423 
090 |a 258551 
100 |a 20140425d1987 k y0rusy50 ca 
101 0 |a rus 
102 |a RU 
105 |a a z 001zy 
200 1 |a Свойства светочувствительных материалов и их применение в голографии  |e сборник научных трудов  |f Академия наук СССР (АН СССР), Отделение общей физики и астрономии ; под ред. В. А. Барачевского 
210 |a Ленинград  |c Наука  |d 1987 
215 |a 134 с.  |c ил. 
320 |a Библиография в конце статей 
606 1 |a Голография  |2 stltpush  |3 (RuTPU)RU\TPU\subj\7402  |9 35072 
610 1 |a светочувствительность 
610 1 |a светочувствительные материалы 
610 1 |a применение 
610 1 |a фототермопластические процессы 
610 1 |a интерферометры 
675 |a 778.38  |v 3 
702 1 |a Барачевский  |b В. А.  |4 340 
712 0 2 |a Академия наук СССР (АН СССР)  |b Отделение общей физики и астрономии  |2 stltpush  |3 (RuTPU)RU\TPU\col\722 
801 1 |a RU  |b 63413507  |c 20140425 
801 2 |a RU  |b 63413507  |c 20190212  |g RCR 
942 |c BK